Amperometric titrations
Uloženo v:
| Hlavní autor: | |
|---|---|
| Médium: | Kniha |
| Jazyk: | angličtina |
| Vydáno: |
Nueva York
Robert E. Krieger
1975
|
| Témata: | |
| Tagy: |
Přidat tag
Žádné tagy, Buďte první, kdo vytvoří štítek k tomuto záznamu!
|
MARC
| LEADER | 00000nam a2200000 a 4500 | ||
|---|---|---|---|
| 001 | UCX0468 | ||
| 003 | CL-VaPUC | ||
| 008 | 891023e19750000US |||||||||||||||||eng|d | ||
| 082 | 0 | 4 | |a 545.311 |b STO |2 21 |
| 100 | 0 | |a Stock, John T |e author |9 315888 | |
| 245 | 1 | 0 | |a Amperometric titrations |
| 300 | |a 730 p | ||
| 942 | |c BK | ||
| 945 | |d 19891023 00:00:00 | ||
| 260 | |a Nueva York |b Robert E. Krieger |c 1975 | ||
| 650 | 0 | |a Análisis electroquímico |9 315889 | |
| 583 | |a last modification |c 20120703 11:16:18 |k Rodrigo Vera | ||
| 999 | |c 222066 |d 222064 | ||